00183nam a22000857a 4500999001900000100001800019245002200037260003100059942000700090 c262895d262894 aSeymour Simon aDanger! Volcanoes aNew YorkbScholasticc2002 cBK